Ancient Indian Social History : (Record no. 4900)

MARC details
000 -LEADER
fixed length control field 00526cam a2200193ua 4500
008 - FIXED-LENGTH DATA ELEMENTS--GENERAL INFORMATION
fixed length control field 131028n ii |||gr||||Z||||||eng
020 ## - INTERNATIONAL STANDARD BOOK NUMBER
International Standard Book Number 978-81-250-0808-8
020 ## - INTERNATIONAL STANDARD BOOK NUMBER
International Standard Book Number 81-250-0808-X
040 ## - CATALOGING SOURCE
Transcribing agency MAIN
082 ## - DEWEY DECIMAL CLASSIFICATION NUMBER
Classification number 934
100 ## - MAIN ENTRY--PERSONAL NAME
Personal name Thapar,Romila,
Relator term
245 ## - TITLE STATEMENT
Title Ancient Indian Social History :
Remainder of title Some Interpretations /
Statement of responsibility, etc. by Romila Thapar .
260 ## - PUBLICATION, DISTRIBUTION, ETC.
Place of publication, distribution, etc. Delhi:
Name of publisher, distributor, etc. Orient Longman,
Date of publication, distribution, etc. 2006.
300 ## - PHYSICAL DESCRIPTION
Extent ix,333p.
942 ## - ADDED ENTRY ELEMENTS (KOHA)
Koha item type Books
653 ## - INDEX TERM--UNCONTROLLED
Uncontrolled term India to 647
653 ## - INDEX TERM--UNCONTROLLED
Uncontrolled term Ancient India Social History
Holdings
Withdrawn status Lost status Damaged status Not for loan Home library Current library Shelving location Date acquired Total Checkouts Full call number Barcode Date last seen Copy number Price effective from Koha item type
        Central Library, Naharkatiya College Central Library, Naharkatiya College General Stacks 19/09/2020   934 | THA 17575 19/09/2020 1 19/09/2020 Books

Naharkatiya College © 2020. All rights reserved.

Powered By